000 00483nam a22001697a 4500
003 SGT
020 _a9788120409101
082 _a630,MAV
100 _aMAVI,H.S
245 _aINTRODUCTION TO AGROMETEROLOGY
250 _a2ND
260 _aNEW DELHI
_bOXFORD & IBH
_c2016
300 _a281
650 _aAGROMETEROLOGY
653 _aAGROMETEROLOGY, SOLAR RADIATION, SOLAR, CROP PLANT, CLIMATE CHANGE AND CROP PRODUCTION, MODELLING CROP GROWTH AND PRODUCTION
942 _2ddc
_cBK
_016
999 _c9960
_d9960